Deutsche Musiker - ins Englische übersetzt. - Statistiken

Allgemein
  • Dieses Quiz wurde 163 mal gespielt
  • Das Durchschnittsergebnis liegt bei 8 aus 18
Antwortstatistiken
Hinweis Antwort % Korrekt
We Are Heroes Wir sind Helden
94%
Roses Proud Rosenstolz
82%
Starters (Absolute) Beginner
65%
Crocodile Alligatoah
56%
Green + M + Eggs Herbert Grönemeyer
56%
2 Rooms Appartment 2raumwohnung
54%
The Stupid Die Doofen
48%
Athlete Homies Quieter Sportfreunde Stiller
46%
Go on Vacation Farin Urlaub
44%
Power Plant Kraftwerk
42%
Strong Discothek Kraftklub
36%
Gunslinger Revolverheld
34%
Bankchild Deichkind
32%
Rowley Emperor Roland Kaiser
32%
John S. Stream Johann Sebastian Bach
23%
Collapsing Reconstructions Einstürzende Neubauten
22%
Vulture Dive Geier Sturzflug
21%
River Traveler Rio Reiser
20%
Keine übereinstimmenden Quizze gefunden
Verteilung der Resultate
Anzahl Personen mit jedem Resultat
Perzentil nach korrekt beantworteten Fragen
Ihre Resultats-Entwicklung
Sie haben dieses Quiz noch nicht gespielt